000 00549cam a22002053a 4500
001 36788
003 PGUSA
005 20140828083814.0
008 110719s2011||||xxu|||||s|||||000 | eng d
040 _aPGUSA
_beng
042 _adc
100 1 _aOuida,
_d1839-1908
245 1 0 _aCritical Studies
_h[electronic resource] /
_cOuida
260 _bProject Gutenberg,
_c2011
506 _aPublic domain in the USA.
516 _aElectronic text
830 0 _aProject Gutenberg
_v36788
856 4 0 _uhttp://www.gutenberg.org/ebooks/36788
942 _cEB
999 _c266043
_d266043